LifeMapping. (Record no. 13088)

000 -LEADER
fixed length control field 00671nam a2200205 a 4500
001 - CONTROL NUMBER
control field :::00010906$&:&@@
003 - CONTROL NUMBER IDENTIFIER
control field OkBaRHE
005 - DATE AND TIME OF LATEST TRANSACTION
control field 20100401170638.0
008 - FIXED-LENGTH DATA ELEMENTS--GENERAL INFORMATION
fixed length control field s1994 j 000 0 eng u
040 ## - CATALOGING SOURCE
Transcribing agency
100 1# - MAIN ENTRY--PERSONAL NAME
Personal name Trent, John T.
245 10 - TITLE STATEMENT
Title LifeMapping.
260 ## - PUBLICATION, DISTRIBUTION, ETC. (IMPRINT)
Place of publication, distribution, etc Colorado Springs, CO., :
Name of publisher, distributor, etc Focus on the Family
Date of publication, distribution, etc 1994
300 ## - PHYSICAL DESCRIPTION
Extent 247 p. ;
Dimensions 24 cm.
650 ## - SUBJECT ADDED ENTRY--TOPICAL TERM
Topical term or geographic name as entry element Change
General subdivision Religious aspects
-- Christianity.
650 ## - SUBJECT ADDED ENTRY--TOPICAL TERM
Topical term or geographic name as entry element Christian life.
650 ## - SUBJECT ADDED ENTRY--TOPICAL TERM
Topical term or geographic name as entry element Intimacy (Psychology)
General subdivision Religious aspects
-- Christianity.
942 ## - ADDED ENTRY ELEMENTS (KOHA)
Source of classification or shelving scheme
Koha item type Books
Copies
Permanent Location Source of classification or shelving scheme Date acquired Not for loan Lost status Damaged status Price effective from Date last seen Barcode Shelving location Koha item type Copy number Full call number Withdrawn status
RHEMA Bible Training College 2010-04-14   2010-04-142010-04-1410906General StacksBooks1BV 4501.2 .T68 1994